[Event "SWE-chT 1819 Superettan"]
[Site "Sweden"]
[Date "2019.01.12"]
[Round "4"]
[White "Todorovic, Zoran"]
[Black "Backman, Andreas"]
[Result "1-0"]
[WhiteElo "2072"]
[BlackElo "2109"]
[PlyCount "105"]
[EventDate "2018.11.09"]
[EventType "team-tourn"]
[EventRounds "9"]
[EventCountry "SWE"]
[SourceTitle "EXT 2020"]
[Source "ChessBase"]
[SourceDate "2019.10.17"]
[SourceVersion "1"]
[SourceVersionDate "2019.10.17"]
[SourceQuality "1"]
[WhiteTeam "Stockholm Rockaden II"]
[BlackTeam "Vasteras II"]
[WhiteTeamCountry "SWE"]
[BlackTeamCountry "SWE"]

1. e4 g6 2. d4 Bg7 3. Nf3 d6 4. Bc4 Nc6 5. Be3 Nf6 6. d5 Nb8 7. Nc3 c6 8. h3 0-0 9. 0-0 b5 10. Bd3 b4 11. Ne2 cxd5 12. exd5 Bb7 13. Qd2 Bxd5 14. Bh6 Bxf3 15. gxf3 Nc6 16. Kg2 Qa5 17. Bxg7 Kxg7 18. a3 Qh5 19. axb4 Ne5 20. Ng1 Rfc8 21. Ra5 Qh4 22. c3 Nxd3 23. Qxd3 Nh5 24. Ne2 Rc4 25. Qe3 e5 26. Rd1 Qe7 27. Ra6 Rd8 28. Rxa7 Qf6 29. Ra5 Rh4 30. Rh1 d5 31. Rc5 g5 32. Kf1 Ra8 33. Ra5 Rxa5 34. bxa5 d4 35. cxd4 exd4 36. Qd3 Nf4 37. Nxf4 Rxf4 38. Rg1 h6 39. Rg4 Rf5 40. b4 h5 41. Re4 Rd5 42. a6 Qf5 43. Kg2 Qd7 44. Re1 f5 45. Ra1 Qa7 46. b5 g4 47. b6 gxh3+ 48. Kxh3 Qd7 49. f4 Rc5 50. Qg3+ Kh7 51. a7 Rc3 52. a8Q Qg7 53. Ra7 1-0

[Event "Deltalift op"]
[Site "Tylosand"]
[Date "2016.05.05"]
[Round "3"]
[White "Backman, Andreas"]
[Black "Lindgren, Philip"]
[Result "1-0"]
[WhiteElo "2149"]
[BlackElo "2406"]
[PlyCount "59"]
[EventDate "2016.05.05"]
[EventType "swiss"]
[EventRounds "8"]
[EventCountry "SWE"]
[SourceTitle "CBM 172 Extra"]
[Source "ChessBase"]
[SourceDate "2016.06.21"]
[SourceVersion "1"]
[SourceVersionDate "2016.06.21"]
[SourceQuality "1"]

1. e4 c5 2. d4 cxd4 3. c3 dxc3 4. Nxc3 Nc6 5. Bc4 d6 6. Qe2 Nf6 7. Bg5 Bg4 8. f3 Bd7 9. Bxf6 gxf6 10. f4 h5 11. Nf3 e6 12. f5 Qa5 13. fxe6 fxe6 14. 0-0 a6 15. Kh1 Ne5 16. Bb3 Nxf3 17. Qxf3 Be7 18. e5 Qxe5 19. Rae1 Bc6 20. Rxe5 Bxf3 21. Rxe6 Bg4 22. Re3 Kf8 23. h3 Bd7 24. Nd5 Re8 25. Nxf6 Bxf6 26. Rxf6+ Kg7 27. Rf7+ Kh6 28. Rg3 Re1+ 29. Kh2 h4 30. Rf6+ 1-0

[Event "Deltalift op"]
[Site "Tylosand"]
[Date "2016.05.05"]
[Round "4"]
[White "Johansson, Linus"]
[Black "Backman, Andreas"]
[Result "1-0"]
[WhiteElo "2427"]
[BlackElo "2149"]
[PlyCount "95"]
[EventDate "2016.05.05"]
[EventType "swiss"]
[EventRounds "8"]
[EventCountry "SWE"]
[SourceTitle "CBM 172 Extra"]
[Source "ChessBase"]
[SourceDate "2016.06.21"]
[SourceVersion "1"]
[SourceVersionDate "2016.06.21"]
[SourceQuality "1"]

1. Nf3 d5 2. d4 c6 3. c4 e6 4. e3 Nf6 5. Be2 Nbd7 6. 0-0 Be7 7. Nbd2 0-0 8. Qc2 c5 9. b3 b6 10. cxd5 Nxd5 11. Bb2 Bb7 12. Rad1 cxd4 13. Nxd4 Rc8 14. Qb1 Qc7 15. Nc4 a6 16. Bf3 b5 17. Nd2 Qb8 18. g3 Nb4 19. Bxb7 Qxb7 20. Qe4 Qxe4 21. Nxe4 Nf6 22. Nxf6+ Bxf6 23. Ba3 Bxd4 24. Bxb4 Bc5 25. Bxc5 Rxc5 26. Rd6 a5 27. Ra6 b4 28. Rd1 Rfc8 29. Rd7 Rf5 30. e4 Re5 31. Rc6 Rf8 32. f3 h6 33. Rb7 Kh7 34. Rcc7 Kg6 35. Kf2 Rg8 36. Rxf7 Rc5 37. Rfc7 Rc8 38. Rxg7+ Kh5 39. Kg2 Rf8 40. Rbc7 Rc3 41. Rxc3 bxc3 42. Rc7 Rd8 43. Rxc3 Rd2+ 44. Kh3 Rxa2 45. Rc6 Rb2 46. Rxe6 Rxb3 47. g4+ Kg5 48. Kg3 1-0

[Event "Deltalift op"]
[Site "Tylosand"]
[Date "2016.05.05"]
[Round "2"]
[White "Westergren, Bertil"]
[Black "Backman, Andreas"]
[Result "0-1"]
[WhiteElo "1928"]
[BlackElo "2149"]
[PlyCount "94"]
[EventDate "2016.05.05"]
[EventType "swiss"]
[EventRounds "8"]
[EventCountry "SWE"]
[SourceTitle "CBM 172 Extra"]
[Source "ChessBase"]
[SourceDate "2016.06.21"]
[SourceVersion "1"]
[SourceVersionDate "2016.06.21"]
[SourceQuality "1"]

1. d4 d5 2. c4 e6 3. Nc3 c6 4. cxd5 exd5 5. Qc2 Nf6 6. Bg5 Be7 7. Nf3 0-0 8. e3 Ne4 9. Bxe7 Qxe7 10. Bd3 Re8 11. 0-0 Nd7 12. Rab1 a5 13. a3 Ndf6 14. Rbe1 Nxc3 15. Qxc3 Ne4 16. Qc2 a4 17. Nd2 Nf6 18. Nb1 Qd6 19. f3 Bd7 20. Nc3 c5 21. Nb5 Bxb5 22. Bxb5 Rec8 23. Rc1 Qe6 24. dxc5 Qxe3+ 25. Qf2 Qxf2+ 26. Rxf2 Ra5 27. Bd3 Raxc5 28. Rxc5 Rxc5 29. Rc2 Nd7 30. Kf2 Kf8 31. Ke3 Ke7 32. Kd4 Kd6 33. h4 h6 34. Rc3 Rxc3 35. bxc3 Nc5 36. Bb5 g5 37. hxg5 hxg5 38. Be8 f5 39. g3 b6 40. Bg6 f4 41. gxf4 gxf4 42. Bh7 Ne6+ 43. Kd3 Ng5 44. Bg8 Nxf3 45. Bh7 Kc5 46. Bg8 Ne5+ 47. Kc2 Nc4 0-1

[Event "SWE-chT 1516 Superettan"]
[Site "Sweden"]
[Date "2016.03.20"]
[Round "9"]
[White "Backman, Andreas"]
[Black "Rosberg, Simon"]
[Result "0-1"]
[WhiteElo "2162"]
[BlackElo "2317"]
[PlyCount "69"]
[EventDate "2015.11.06"]
[EventType "team-tourn"]
[EventRounds "9"]
[EventCountry "SWE"]
[SourceTitle "EXT 2018"]
[Source "ChessBase"]
[SourceDate "2017.10.13"]
[SourceVersion "1"]
[SourceVersionDate "2017.10.13"]
[SourceQuality "1"]
[WhiteTeam "Vasteras II"]
[BlackTeam "Norrkoping Schack 08"]
[WhiteTeamCountry "SWE"]
[BlackTeamCountry "SWE"]

1. d4 d5 2. c4 c6 3. Nf3 Nf6 4. Nc3 dxc4 5. a4 Bf5 6. Ne5 Nbd7 7. Nxc4 Nb6 8. Ne5 a5 9. g3 e6 10. Bg2 Bb4 11. 0-0 0-0 12. Bg5 h6 13. Bxf6 Qxf6 14. Na2 Bd6 15. Qb3 Bc7 16. Rfd1 Rfd8 17. Nc3 Qe7 18. e4 Bh7 19. Na2 Kh8 20. Rac1 f6 21. Nc4 Nxc4 22. Qxc4 Bb6 23. Nc3 Qb4 24. Ne2 e5 25. d5 Qxc4 26. Rxc4 Bg8 27. Rc3 Rd7 28. Rb3 Bc5 29. Bh3 Rd6 30. Rxb7 cxd5 31. exd5 Bxd5 32. Rd7 Rxd7 33. Bxd7 Bf3 34. Rc1 Rd8 35. Bc6 0-1

[Event "Deltalift op"]
[Site "Tylosand"]
[Date "2015.05.16"]
[Round "8"]
[White "Kardell, Mathias"]
[Black "Backman, Andreas"]
[Result "1-0"]
[WhiteElo "1998"]
[BlackElo "2177"]
[PlyCount "87"]
[EventDate "2015.05.14"]
[EventType "swiss"]
[EventRounds "8"]
[EventCountry "SWE"]
[SourceTitle "CBM 166 Extra"]
[Source "ChessBase"]
[SourceDate "2015.06.18"]
[SourceVersion "1"]
[SourceVersionDate "2015.06.18"]
[SourceQuality "1"]

1. e4 e6 2. d4 d5 3. Nd2 Nc6 4. c3 dxe4 5. Nxe4 e5 6. d5 Nb8 7. Bc4 f5 8. Bg5 Qd7 9. Nd2 Be7 10. Ngf3 e4 11. Ne5 Qd6 12. Bb5+ c6 13. Ndc4 Qc5 14. Qh5+ g6 15. Nxg6 hxg6 16. Qxh8 Qxd5 17. Ne3 Qf7 18. Bxe7 Kxe7 19. Bc4 Be6 20. Bxe6 Qxe6 21. Qg7+ Qf7 22. Qxf7+ Kxf7 23. 0-0-0 Ke7 24. Nc4 Nd7 25. Rhe1 Ngf6 26. f3 Rh8 27. fxe4 fxe4 28. Nd6 Nc5 29. b4 Na4 30. Nxe4 Nxe4 31. Rxe4+ Kf6 32. Rf1+ Kg5 33. Re5+ Kg4 34. h3+ Kh4 35. Rf4+ Kg3 36. Rg4+ Kf2 37. Kc2 Nb6 38. Kb3 Rd8 39. Rxg6 Rd2 40. Rf5+ Kg1 41. Rf7 Nd5 42. Rxb7 Rd3 43. Rxc6 Kxg2 44. Rd7 1-0

[Event "Deltalift op"]
[Site "Tylosand"]
[Date "2015.05.15"]
[Round "5"]
[White "Backman, Andreas"]
[Black "Andersson, Robert"]
[Result "1-0"]
[WhiteElo "2177"]
[BlackElo "2067"]
[PlyCount "59"]
[EventDate "2015.05.14"]
[EventType "swiss"]
[EventRounds "8"]
[EventCountry "SWE"]
[SourceTitle "CBM 166 Extra"]
[Source "ChessBase"]
[SourceDate "2015.06.18"]
[SourceVersion "1"]
[SourceVersionDate "2015.06.18"]
[SourceQuality "1"]

1. d4 Nf6 2. c4 g6 3. Nc3 d5 4. cxd5 Nxd5 5. e4 Nxc3 6. bxc3 Bg7 7. Bc4 c5 8. Ne2 Nc6 9. Be3 cxd4 10. cxd4 b5 11. Bd5 Bd7 12. 0-0 0-0 13. Bxc6 Bxc6 14. d5 Bd7 15. Bd4 e5 16. Be3 a5 17. Rc1 Rc8 18. Qd2 b4 19. Qd3 Rxc1 20. Rxc1 Qb8 21. Ng3 Rc8 22. Rxc8+ Qxc8 23. h4 h5 24. Nf1 Bf6 25. g3 Kg7 26. Bd2 Qc5 27. Qa6 Qb5 28. Bh6+ Kxh6 29. Qxf6 Bh3 30. Qh8# 1-0

[Event "Norrkoeping Easter op"]
[Site "Norrkoeping"]
[Date "2011.04.23"]
[Round "4"]
[White "Backman, Andreas"]
[Black "Lundin, Jan"]
[Result "1/2-1/2"]
[WhiteElo "2114"]
[BlackElo "2317"]
[PlyCount "105"]
[EventDate "2011.04.22"]
[EventType "swiss"]
[EventRounds "8"]
[EventCountry "SWE"]
[SourceTitle "CBM 141 Extra"]
[Source "ChessBase"]
[SourceDate "2011.05.03"]
[SourceVersion "1"]
[SourceVersionDate "2011.05.03"]
[SourceQuality "1"]

1. d4 d5 2. c4 c6 3. Nf3 Nf6 4. e3 a6 5. Be2 Bg4 6. Qb3 Ra7 7. Nc3 e6 8. h3 Bh5 9. Bd2 Nbd7 10. 0-0-0 Bd6 11. g4 Bg6 12. Nh4 Ne4 13. Nxg6 Nxd2 14. Rxd2 hxg6 15. Kb1 b5 16. cxd5 cxd5 17. Rc1 0-0 18. h4 Nb6 19. h5 g5 20. Rdd1 Qd7 21. Bd3 Rb8 22. h6 g6 23. Ne2 Nc4 24. e4 Rab7 25. e5 Bf8 26. Qc2 Rc7 27. Ka1 Rbc8 28. Qb1 Bxh6 29. Bxc4 bxc4 30. Rh1 Bg7 31. Qc2 Rb7 32. Nc3 Rb4 33. Rh3 Rcb8 34. Rb1 Qa7 35. Qd2 Qb6 36. f3 a5 37. Rh2 a4 38. a3 Rb3 39. Ka2 Qa5 40. Qe3 Qb6 41. Qd2 Qa7 42. Qe3 Qe7 43. Rbh1 f6 44. exf6 Qxf6 45. Re2 R8b6 46. Rd1 Bf8 47. Qc1 Qxf3 48. Qxg5 e5 49. Qxe5 Qxc3 50. Qxd5+ Kg7 51. Qd7+ Kg8 52. Qd5+ Kg7 53. Qd7+ 1/2-1/2

[Event "Norrkoeping Easter op"]
[Site "Norrkoeping"]
[Date "2010.04.03"]
[Round "5"]
[White "Backman, Andreas"]
[Black "Eriksson, Jorgen"]
[Result "0-1"]
[WhiteElo "2121"]
[BlackElo "2263"]
[PlyCount "100"]
[EventDate "2010.04.02"]
[EventType "swiss"]
[EventRounds "8"]
[EventCountry "SWE"]
[SourceTitle "CBM 135 Extra"]
[Source "ChessBase"]
[SourceDate "2010.05.04"]
[SourceVersion "1"]
[SourceVersionDate "2010.05.04"]
[SourceQuality "1"]

1. e4 d6 2. d4 Nf6 3. Nc3 e5 4. f4 exd4 5. Qxd4 Be7 6. Nf3 0-0 7. Bd3 Nc6 8. Qf2 Nb4 9. 0-0 Nxd3 10. cxd3 d5 11. f5 dxe4 12. dxe4 b6 13. Qc2 Ba6 14. Rd1 Bc5+ 15. Kh1 Qe8 16. b4 Bxb4 17. Nd5 Nxd5 18. Rxd5 Bb7 19. f6 Bxd5 20. exd5 g6 21. Qc4 Bc5 22. Bh6 Qd8 23. Bg7 Re8 24. Ng5 Re5 25. Qh4 h5 26. Ne6 Qxd5 27. Nf4 Qd4 28. Rf1 Rf5 29. Qg3 Rxf4 30. Qxf4 Qxf4 31. Rxf4 Re8 32. Rf1 Bf8 33. Bxf8 Kxf8 34. Rd1 c5 35. h3 Re6 36. Rd8+ Re8 37. Rd7 Rc8 38. Kg1 c4 39. Rd2 c3 40. Rc2 b5 41. Kf2 b4 42. Ke3 Rc6 43. Kd4 Rxf6 44. Kc5 a5 45. Kb5 Rf5+ 46. Ka4 Rd5 47. a3 Rd2 48. Rc1 Ra2 49. Kxa5 b3 50. Rxc3 b2 0-1

[Event "Norrkoeping Easter op"]
[Site "Norrkoeping"]
[Date "2010.04.02"]
[Round "3"]
[White "Backman, Andreas"]
[Black "Lindberg, Bengt"]
[Result "0-1"]
[WhiteElo "2121"]
[BlackElo "2407"]
[PlyCount "72"]
[EventDate "2010.04.02"]
[EventType "swiss"]
[EventRounds "8"]
[EventCountry "SWE"]
[SourceTitle "CBM 135 Extra"]
[Source "ChessBase"]
[SourceDate "2010.05.04"]
[SourceVersion "1"]
[SourceVersionDate "2010.05.04"]
[SourceQuality "1"]

1. e4 c5 2. Nc3 Nc6 3. Bb5 Nd4 4. Bc4 a6 5. Nf3 b5 6. Bd5 Rb8 7. Nxd4 cxd4 8. Ne2 Nf6 9. Bb3 Nxe4 10. d3 Nc5 11. Nxd4 Nxb3 12. axb3 Bb7 13. 0-0 g6 14. Bf4 d6 15. Bg5 h6 16. Bh4 Bg7 17. Re1 Bxd4 18. Rxe7+ Qxe7 19. Bxe7 Kxe7 20. Qg4 Bxb2 21. Re1+ Kf8 22. Qd7 Bf6 23. f4 Kg7 24. h3 Rhd8 25. Qg4 Re8 26. Rxe8 Rxe8 27. Qd7 Re7 28. Qxd6 Re2 29. c4 Bxg2 30. c5 Bxh3 31. c6 Bh4 32. Qd4+ Kh7 33. Qd5 Bf2+ 34. Kh1 Be6 35. Qd6 Bg3 36. f5 Bxd6 0-1

[Event "Hallstahammar op"]
[Site "Hallstahammar"]
[Date "2004.09.11"]
[Round "6"]
[White "Logdahl, Harald"]
[Black "Backman, Andreas"]
[Result "1/2-1/2"]
[WhiteElo "2239"]
[BlackElo "2061"]
[PlyCount "92"]
[EventDate "2004.09.10"]
[EventType "swiss"]
[EventRounds "8"]
[EventCountry "SWE"]
[SourceTitle "EXT 2005"]
[Source "ChessBase"]
[SourceDate "2004.11.15"]
[SourceVersion "1"]
[SourceVersionDate "2004.11.15"]
[SourceQuality "1"]

1. e4 e5 2. Nc3 Nf6 3. g3 h5 4. h3 Bc5 5. Bg2 Nc6 6. d3 d6 7. Bg5 Be6 8. Nf3 Qd7 9. Bxf6 gxf6 10. Nh4 0-0-0 11. Qd2 Ne7 12. f4 f5 13. Rf1 Rdg8 14. fxe5 dxe5 15. exf5 Nxf5 16. Nxf5 Bxf5 17. Ne4 Bxe4 18. Bxe4 Qb5 19. a4 Qxb2 20. Ke2 Rxg3 21. Rab1 Qd4 22. Bxb7+ Kd8 23. Be4 Ke7 24. Rb7 Bb6 25. a5 Re3+ 26. Kd1 Qa1+ 27. Qc1 Qxc1+ 28. Kxc1 Bxa5 29. Rb5 Bb6 30. Rxe5+ Kd6 31. Ref5 Rh6 32. c4 Rxh3 33. Kc2 Rh2+ 34. Kb3 c5 35. d4 Rh3+ 36. Ka4 cxd4 37. Rd5+ Ke7 38. c5 Re3 39. cxb6 axb6 40. Rxd4 Rf6 41. Rc1 Rf4 42. Rc7+ Kf6 43. Rxf7+ Kxf7 44. Bd5+ Kf6 45. Rxf4+ Ke5 46. Rf3 Re1 1/2-1/2

[Event "Hallstahammar op"]
[Site "Hallstahammar"]
[Date "2003.09.13"]
[Round "4"]
[White "Backman, Andreas"]
[Black "Kukk, Raul"]
[Result "1-0"]
[WhiteElo "1935"]
[BlackElo "2215"]
[PlyCount "55"]
[EventDate "2003.09.12"]
[EventType "swiss"]
[EventRounds "7"]
[EventCountry "SWE"]
[SourceTitle "CBM 096 Extra"]
[Source "ChessBase"]
[SourceDate "2003.10.22"]
[SourceVersion "2"]
[SourceVersionDate "2003.10.20"]
[SourceQuality "1"]

1. g4 d5 2. Bg2 c6 3. h3 e5 4. d4 Nd7 5. e4 dxe4 6. dxe5 Qa5+ 7. Nc3 Bb4 8. e6 fxe6 9. Bd2 Ngf6 10. a3 Be7 11. Nxe4 Qc7 12. Qe2 Nxe4 13. Qxe4 Nf6 14. Qc4 Nd5 15. Ne2 0-0 16. 0-0 b5 17. Qe4 Bd7 18. f4 Rae8 19. Kh1 Bd6 20. Rad1 a6 21. Bc1 Bc8 22. b3 Bb7 23. c4 Nf6 24. Qf3 Ba8 25. g5 c5 26. Qd3 Bxg2+ 27. Kxg2 Qc6+ 28. Qf3 1-0

[Event "Hallstahammar op"]
[Site "Hallstahammar"]
[Date "2001.09.08"]
[Round "5"]
[White "Backman, Andreas"]
[Black "Aldobasic, Emir"]
[Result "1-0"]
[WhiteElo "1855"]
[BlackElo "1637"]
[PlyCount "53"]
[EventDate "2001.??.??"]
[EventType "swiss"]
[EventRounds "7"]
[EventCountry "SWE"]
[SourceTitle "EXT 2006"]
[Source "ChessBase"]
[SourceDate "2005.11.24"]
[SourceVersion "1"]
[SourceVersionDate "2005.11.24"]
[SourceQuality "1"]

1. g4 e6 2. Bg2 d5 3. c4 c6 4. d4 Nf6 5. g5 Ne4 6. Bxe4 dxe4 7. Nc3 Bb4 8. Bf4 f5 9. e3 Bxc3+ 10. bxc3 Qe7 11. c5 Nd7 12. Bd6 Qxg5 13. Ne2 Qf6 14. Nf4 g6 15. Qb3 Kf7 16. h4 Re8 17. 0-0-0 a5 18. a4 Ra6 19. Rdg1 b6 20. h5 g5 21. h6 g4 22. Nh5 Qxh6 23. Nf4 Qg7 24. Rh5 bxc5 25. Rxf5+ Nf6 26. Nh5 Qg6 27. Rxf6+ 1-0